| 000 | 01561nam a2200469 i 4500 | ||
|---|---|---|---|
| 001 | 32333 | ||
| 003 | KOSZ 005 | ||
| 005 | 20191219140324.0 | ||
| 008 | 980223s1997 pl a f f |000 0 pol | ||
| 015 | _aPB 1998/1511 | ||
| 020 | _a8301111879 | ||
| 040 |
_aWA N _cWA N _dKOSZ 005/HR |
||
| 046 | _k1993 | ||
| 080 | _a658.14/.17 | ||
| 080 | _a657 | ||
| 080 | _a(075.8) | ||
| 100 | 1 |
_aSierpińska, Maria _d(1950 -) _eAutor |
|
| 245 | 1 | 0 |
_aOcena przedsiębiorstwa według standardów światowych / _cMaria Sierpińska, Tomasz Jachna. |
| 250 | _aWyd. 2, dodruk 4. | ||
| 260 |
_aWarszawa : _bWydaw. Naukowe PWN, _c1997. |
||
| 300 |
_a277, [1] s. : _bwykr. ; _c24 cm. |
||
| 336 |
_2rdacontent _aTekst _btxt |
||
| 337 |
_2rdamedia _aBez urządzenia pośredniczącego _bn |
||
| 338 |
_2rdacarrier _aWolumin _bnc |
||
| 380 | _aKsiążki | ||
| 380 | _aPublikacje fachowe | ||
| 380 | _aPublikacje dydaktyczne | ||
| 385 |
_mPoziom nauczania _aSzkoły wyższe |
||
| 388 | _a1901-2000 | ||
| 388 | _a1989-2000 | ||
| 504 | _aBibliogr. s. 276-277. | ||
| 650 | 4 | _aAnaliza finansowa | |
| 650 | 4 | _aFinanse przedsiębiorstwa | |
| 650 | 4 | _aRachunek ekonomiczny | |
| 655 | 4 | _aPodręczniki akademickie | |
| 658 | _aGospodarka, ekonomia, finanse | ||
| 700 | 1 |
_aJachna, Tomasz _eAutor |
|
| 710 | 2 |
_aWydawnictwo Naukowe PWN _4pbl. |
|
| 856 |
_uhttp://koha.tu.koszalin.pl/cgi-bin/koha/opac-detail.pl?biblionumber=32333 _yKatalog online BPK |
||
| 856 |
_uhttp://libra.ibuk.pl/book/527 _yIBUK |
||
| 942 |
_2UKD _cKS |
||
| 999 |
_c32333 _d32333 |
||